[Event "Mecklenburg VP-ch Seniors op 06th"]
[Site "Plau am See"]
[Date "2006.10.11"]
[Round "8"]
[White "Janzen, Christian"]
[Black "Weschke, Wolfgang"]
[Result "0-1"]
[WhiteElo "1629"]
[BlackElo "1678"]
[PlyCount "68"]
[EventDate "2006.10.04"]
[EventType "swiss"]
[EventRounds "9"]
[EventCountry "GER"]
[SourceTitle "EXT 2022"]
[Source "ChessBase"]
[SourceDate "2021.10.06"]
[SourceVersion "1"]
[SourceVersionDate "2021.10.06"]
[SourceQuality "1"]

1. e4 Nf6 2. Nc3 d5 3. exd5 Nxd5 4. Nxd5 Qxd5 5. Nf3 Bf5 6. d4 Qe4+ 7. Be2 Qxc2 8. Qxc2 Bxc2 9. Bf4 c6 10. 0-0 e6 11. Rac1 Be4 12. Nd2 Bd5 13. Bc4 Be7 14. Bxd5 exd5 15. Rfe1 Kd7 16. Nf3 f6 17. Re2 Na6 18. a3 Rae8 19. Rec2 Bd6 20. Bxd6 Kxd6 21. Nd2 Re6 22. Nb3 Rhe8 23. Kf1 f5 24. Nd2 Nc7 25. a4 Rh6 26. Nf3 Re4 27. h3 Ne6 28. Rd2 g5 29. Rcd1 Rf6 30. Nh2 g4 31. hxg4 fxg4 32. Re1 Rxe1+ 33. Kxe1 Rf4 34. g3 Re4+ 0-1

[Event "Mecklenburg VP-ch Seniors op 06th"]
[Site "Plau am See"]
[Date "2006.10.08"]
[Round "5"]
[White "Weschke, Wolfgang"]
[Black "Janssen, Helmut"]
[Result "1-0"]
[WhiteElo "1678"]
[BlackElo "1837"]
[PlyCount "130"]
[EventDate "2006.10.04"]
[EventType "swiss"]
[EventRounds "9"]
[EventCountry "GER"]
[SourceTitle "EXT 2022"]
[Source "ChessBase"]
[SourceDate "2021.10.06"]
[SourceVersion "1"]
[SourceVersionDate "2021.10.06"]
[SourceQuality "1"]

1. d4 Nf6 2. c4 e6 3. Nf3 b6 4. Bf4 d5 5. e3 Bd6 6. Bg3 0-0 7. Nc3 Bb7 8. Bd3 Nbd7 9. 0-0 Bxg3 10. hxg3 Rc8 11. Qe2 c5 12. cxd5 exd5 13. Rac1 Ne4 14. Rfd1 Re8 15. Bb1 Ndf6 16. a3 Qe7 17. Na2 c4 18. Bxe4 Nxe4 19. Nc3 Nxc3 20. Rxc3 b5 21. Qc2 Qf6 22. Ne5 g6 23. Qe2 Qe6 24. Ng4 a5 25. Nh2 b4 26. axb4 axb4 27. Rcc1 Ra8 28. Ra1 Kg7 29. Qe1 Qd6 30. Nf3 Rec8 31. Rxa8 Rxa8 32. Ra1 f6 33. Rxa8 Bxa8 34. Qc1 Qc7 35. Kf1 Bb7 36. Ke1 c3 37. bxc3 bxc3 38. Kd1 Qc4 39. Qc2 Ba6 40. Ne1 Bb5 41. Kc1 Ba4 42. Qd3 Qb3 43. Qe2 Qa3+ 44. Kb1 Bb3 45. g4 Bc4 46. Qc2 Qb4+ 47. Kc1 Qa5 48. Kb1 Qb4+ 49. Kc1 Bb3 50. Qe2 Qa5 51. Kb1 Qa3 52. g3 g5 53. f3 h6 54. e4 dxe4 55. fxe4 Qb4 56. Nc2 Bxc2+ 57. Kxc2 Qxd4 58. Qd3 Qxd3+ 59. Kxd3 Kg6 60. Kxc3 h5 61. Kd3 hxg4 62. Kd4 Kf7 63. Kd5 Ke7 64. Kd4 Ke6 65. Kd3 Ke5 1-0

[Event "Mecklenburg VP-ch Seniors op 06th"]
[Site "Plau am See"]
[Date "2006.10.05"]
[Round "2"]
[White "Ahlberg, Guenter"]
[Black "Weschke, Wolfgang"]
[Result "1-0"]
[WhiteElo "1912"]
[BlackElo "1678"]
[PlyCount "155"]
[EventDate "2006.10.04"]
[EventType "swiss"]
[EventRounds "9"]
[EventCountry "GER"]
[SourceTitle "EXT 2022"]
[Source "ChessBase"]
[SourceDate "2021.10.06"]
[SourceVersion "1"]
[SourceVersionDate "2021.10.06"]
[SourceQuality "1"]

1. e4 c5 2. Nf3 e6 3. Nc3 Nc6 4. Bb5 Qc7 5. Bxc6 bxc6 6. 0-0 Nf6 7. d4 cxd4 8. Qxd4 h6 9. Re1 Qb6 10. Qxb6 axb6 11. Bd2 Be7 12. a4 0-0 13. Be3 c5 14. Bf4 Bb7 15. Bc7 Bd8 16. Bd6 Re8 17. Ne5 Rc8 18. f3 Bc6 19. Nc4 Kh7 20. Be5 Rf8 21. Nd6 Ra8 22. Red1 Ne8 23. Ndb5 f6 24. Bg3 e5 25. Nd5 Bxb5 26. axb5 Rxa1 27. Rxa1 Nd6 28. Ra8 Kg8 29. Rb8 Nxb5 30. Nxb6 Bxb6 31. Rxb6 Nd4 32. c3 Ne6 33. b4 cxb4 34. cxb4 Kf7 35. Rd6 Ke7 36. Rd1 Rb8 37. Rb1 Kd6 38. Bf2 Kc6 39. Kf1 Kb5 40. Ke2 Rc8 41. Bc5 Rc7 42. Rd1 Nxc5 43. bxc5 Kxc5 44. Ke3 Ra7 45. Rd2 Ra3+ 46. Ke2 d6 47. h4 h5 48. g3 g6 49. Rc2+ Kb6 50. Rd2 Kc7 51. Rc2+ Kd7 52. Rd2 Ke6 53. Kf2 f5 54. Re2 fxe4 55. fxe4 Ra4 56. Re3 Rd4 57. Kf3 d5 58. exd5+ Rxd5 59. Ra3 Kf5 60. Ra8 Rd3+ 61. Kf2 Kg4 62. Ra6 Kf5 63. Ra8 Ke4 64. Ra6 Kf5 65. Ra8 Rd6 66. Ra5 Ke4 67. Ra4+ Rd4 68. Ra6 Rd2+ 69. Ke1 Ke3 70. Rxg6 Rb2 71. Kf1 e4 72. Rf6 Rb1+ 73. Kg2 Re1 74. Rf5 Rd1 75. Rxh5 Ke2 76. Re5 e3 77. h5 Rd6 78. g4 1-0

[Event "GER-ch Seniors Gp-B 18th"]
[Site "Dresden"]
[Date "2006.07.30"]
[Round "9"]
[White "Garms, Ilse"]
[Black "Weschke, Wolfgang"]
[Result "0-1"]
[WhiteElo "1532"]
[BlackElo "1644"]
[PlyCount "76"]
[EventDate "2006.07.22"]
[EventType "swiss"]
[EventRounds "9"]
[EventCountry "GER"]
[SourceTitle "EXT 2022"]
[Source "ChessBase"]
[SourceDate "2021.10.06"]
[SourceVersion "1"]
[SourceVersionDate "2021.10.06"]
[SourceQuality "1"]

1. e4 e6 2. d4 d5 3. exd5 exd5 4. Nf3 Bd6 5. Bd3 c6 6. Bg5 Qb6 7. Qe2+ Be6 8. c3 Nd7 9. 0-0 Ngf6 10. c4 Be7 11. c5 Qd8 12. Nc3 0-0 13. b4 h6 14. Be3 Nh7 15. Qc2 Ng5 16. Nxg5 hxg5 17. f4 f5 18. fxg5 Bxg5 19. Bxg5 Qxg5 20. Rf3 g6 21. Raf1 Kg7 22. Rg3 Qh4 23. Ne2 Rh8 24. Rh3 Qf6 25. Rg3 Raf8 26. Qd2 Rh4 27. Rf4 Rfh8 28. Rxh4 Rxh4 29. Qe3 Bf7 30. Rh3 Rxh3 31. Qxh3 Qg5 32. a3 Qd2 33. Kf2 Nf6 34. Qf3 Ng4+ 35. Kg3 Qe1+ 36. Kh3 Nf2+ 37. Kg3 Ne4+ 38. Kh3 Ng5# 0-1

[Event "Bayern-ch Seniors 18th"]
[Site "Schloss Schney"]
[Date "2006.07.03"]
[Round "9"]
[White "Fels, Karl Heinz"]
[Black "Weschke, Wolfgang"]
[Result "1-0"]
[WhiteElo "1766"]
[BlackElo "1684"]
[PlyCount "71"]
[EventDate "2006.06.25"]
[EventType "swiss"]
[EventRounds "9"]
[EventCountry "GER"]
[SourceTitle "EXT 2007"]
[Source "ChessBase"]
[SourceDate "2006.11.23"]
[SourceVersion "1"]
[SourceVersionDate "2006.11.23"]
[SourceQuality "1"]

1. e4 c5 2. Nf3 e6 3. Nc3 a6 4. a3 b6 5. d4 cxd4 6. Nxd4 Bb7 7. f3 Qh4+ 8. g3 Qd8 9. Be3 Nf6 10. Qd2 Qc7 11. 0-0-0 Nc6 12. g4 h6 13. h4 Nxd4 14. Bxd4 b5 15. Kb1 b4 16. axb4 Bxb4 17. Qe3 Bxc3 18. Bxc3 Rc8 19. g5 Nh5 20. Rg1 Nf4 21. Qd4 Nh5 22. f4 e5 23. fxe5 Nf4 24. gxh6 Ne6 25. hxg7 Rg8 26. Qe3 Qc5 27. Qd2 Qe7 28. Qh6 Rxc3 29. bxc3 Qc5 30. Qd2 Bc6 31. Bh3 Ke7 32. Qd6+ Qxd6 33. exd6+ Kf6 34. Bxe6 fxe6 35. Rdf1+ Ke5 36. Rf8 1-0

[Event "Bayern-ch Seniors 18th"]
[Site "Schloss Schney"]
[Date "2006.06.27"]
[Round "3"]
[White "Jurgan, Brigitte"]
[Black "Weschke, Wolfgang"]
[Result "0-1"]
[WhiteElo "1163"]
[BlackElo "1684"]
[PlyCount "68"]
[EventDate "2006.06.25"]
[EventType "swiss"]
[EventRounds "9"]
[EventCountry "GER"]
[SourceTitle "EXT 2007"]
[Source "ChessBase"]
[SourceDate "2006.11.23"]
[SourceVersion "1"]
[SourceVersionDate "2006.11.23"]
[SourceQuality "1"]

1. d4 Nf6 2. Nf3 d6 3. Bg5 Bf5 4. Bxf6 gxf6 5. g3 e5 6. Bg2 Qc8 7. 0-0 Bh3 8. e3 Bxg2 9. Kxg2 Nc6 10. d5 Ne7 11. e4 f5 12. exf5 Qxf5 13. Nc3 h5 14. h4 Bg7 15. Rb1 0-0-0 16. Ng5 Qg6 17. Nce4 Bh6 18. Qd3 Bxg5 19. Nxg5 Qxd3 20. cxd3 Rdf8 21. Rbe1 Nxd5 22. a3 f6 23. Ne6 Rfg8 24. d4 Kd7 25. dxe5 Kxe6 26. exf6+ Kxf6 27. Re4 Re8 28. Rd4 c6 29. Rd3 Re5 30. Rf3+ Rf5 31. Rd3 Rg8 32. Re1 Nf4+ 33. Kf1 Nxd3 34. Re2 Rxg3 0-1

[Event "Bayern-ch Seniors 18th"]
[Site "Schloss Schney"]
[Date "2006.06.25"]
[Round "1"]
[White "Schmidt, Gerhard3333"]
[Black "Weschke, Wolfgang"]
[Result "1-0"]
[WhiteElo "2139"]
[BlackElo "1684"]
[PlyCount "51"]
[EventDate "2006.06.25"]
[EventType "swiss"]
[EventRounds "9"]
[EventCountry "GER"]
[SourceTitle "EXT 2007"]
[Source "ChessBase"]
[SourceDate "2006.11.23"]
[SourceVersion "1"]
[SourceVersionDate "2006.11.23"]
[SourceQuality "1"]

1. d4 Nf6 2. Nf3 e6 3. c4 Bb4+ 4. Nc3 c5 5. e3 0-0 6. Bd3 b6 7. 0-0 Bb7 8. Na4 cxd4 9. a3 Be7 10. exd4 d5 11. c5 bxc5 12. Nxc5 Qc7 13. Bg5 Nbd7 14. b4 Kh8 15. Rc1 Nxc5 16. bxc5 Ng8 17. Bd2 h6 18. Re1 Nf6 19. Ne5 Ne4 20. Bf4 Qc8 21. c6 Ba6 22. Bxe4 dxe4 23. Qh5 Qe8 24. Bxh6 gxh6 25. Qxh6+ Kg8 26. Re3 1-0

[Event "NRW-ch op Seniors 14th"]
[Site "Beverungen"]
[Date "2003.06.22"]
[Round "9.6"]
[White "Bogorad, Michail"]
[Black "Weschke, Wolfgang"]
[Result "0-1"]
[WhiteElo "2193"]
[BlackElo "1720"]
[PlyCount "66"]
[EventDate "2003.06.14"]
[EventType "swiss"]
[EventRounds "9"]
[EventCountry "GER"]
[SourceTitle "EXT 2004"]
[Source "ChessBase"]
[SourceDate "2003.11.25"]
[SourceVersion "1"]
[SourceVersionDate "2003.11.25"]
[SourceQuality "1"]

1. e4 c5 2. Nf3 e6 3. d3 a6 4. g3 d5 5. Nbd2 Nf6 6. Bg2 Be7 7. 0-0 0-0 8. Re1 dxe4 9. dxe4 Nc6 10. e5 Nd5 11. h4 Rb8 12. Ne4 b5 13. Bg5 h6 14. Bd2 Qc7 15. Qc1 Nxe5 16. Nxe5 Qxe5 17. Nxc5 Qh5 18. Nd3 Bd6 19. Nf4 Nxf4 20. Bxf4 e5 21. Be3 Bg4 22. Qd2 Rfd8 23. Qa5 e4 24. Qxa6 Bf3 25. Qa7 g5 26. Bc1 gxh4 27. Bxf3 exf3 28. Qe3 hxg3 29. Qxh6 gxf2+ 30. Kxf2 Bc5+ 31. Kf1 Rd5 32. b4 Qg4 33. Qh2 Qc4+ 0-1

[Event "NRW-ch op Seniors 14th"]
[Site "Beverungen"]
[Date "2003.06.17"]
[Round "4.8"]
[White "Taszies, Werner"]
[Black "Weschke, Wolfgang"]
[Result "1-0"]
[WhiteElo "1884"]
[BlackElo "1720"]
[PlyCount "55"]
[EventDate "2003.06.14"]
[EventType "swiss"]
[EventRounds "9"]
[EventCountry "GER"]
[SourceTitle "EXT 2004"]
[Source "ChessBase"]
[SourceDate "2003.11.25"]
[SourceVersion "1"]
[SourceVersionDate "2003.11.25"]
[SourceQuality "1"]

1. d4 Nf6 2. Nc3 d5 3. e4 Nxe4 4. Nxe4 dxe4 5. Bc4 e6 6. Be3 Bd7 7. d5 Qf6 8. c3 exd5 9. Bxd5 Bc6 10. Bc4 Bd6 11. Qg4 Qg6 12. Qc8+ Ke7 13. Qxh8 b5 14. Bxf7 Kxf7 15. Qd8 Qxg2 16. 0-0-0 Qxh1 17. Nh3 Qxh2 18. Ng5+ Kg6 19. Qg8 Bf4 20. Ne6 Bxe3+ 21. fxe3 Qe5 22. Rg1+ Kf6 23. Nd4 Ke7 24. Qxh7 Kd6 25. b4 Be8 26. Rxg7 Nd7 27. Qh6+ Nf6 28. Rg5 1-0

[Event "NRW-ch op Seniors 14th"]
[Site "Beverungen"]
[Date "2003.06.15"]
[Round "2.13"]
[White "Axnich, Hellmuth"]
[Black "Weschke, Wolfgang"]
[Result "0-1"]
[WhiteElo "1364"]
[BlackElo "1720"]
[PlyCount "62"]
[EventDate "2003.06.14"]
[EventType "swiss"]
[EventRounds "9"]
[EventCountry "GER"]
[SourceTitle "EXT 2004"]
[Source "ChessBase"]
[SourceDate "2003.11.25"]
[SourceVersion "1"]
[SourceVersionDate "2003.11.25"]
[SourceQuality "1"]

1. d4 Nf6 2. c4 e6 3. Nc3 Bb4 4. Bd2 b6 5. a3 Bxc3 6. Bxc3 Bb7 7. Nf3 0-0 8. g3 d5 9. b3 Nbd7 10. Bg2 Rc8 11. 0-0 Ne4 12. Rc1 f5 13. Ba1 Qe7 14. b4 Ndf6 15. c5 c6 16. e3 Ba6 17. Re1 Ng4 18. Rc2 Bc4 19. Rb2 b5 20. Ne5 Ngf6 21. Bxe4 fxe4 22. Nxc4 bxc4 23. f4 exf3 24. Qxf3 Ne4 25. Qg2 Rf7 26. Rf1 Rcf8 27. Rxf7 Rxf7 28. h4 Qf8 29. Re2 Rf3 30. Kh2 Rxg3 31. Qh1 Qb8 0-1

[Event "Wuerttemberg-ch Seniors 15th"]
[Site "Ellwangen"]
[Date "2003.04.19"]
[Round "9"]
[White "Weschke, Wolfgang"]
[Black "Laub, Bertram"]
[Result "1-0"]
[WhiteElo "1722"]
[BlackElo "1581"]
[PlyCount "85"]
[EventDate "2003.04.??"]
[EventType "swiss"]
[EventRounds "9"]
[EventCountry "GER"]
[SourceTitle "EXT 2006"]
[Source "ChessBase"]
[SourceDate "2005.11.24"]
[SourceVersion "1"]
[SourceVersionDate "2005.11.24"]
[SourceQuality "1"]

1. d4 Nf6 2. c4 e5 3. dxe5 Ng4 4. e4 Nxe5 5. f4 Nec6 6. Be3 d6 7. Nc3 g6 8. a3 Bg7 9. Qc2 Nd4 10. Bxd4 Bxd4 11. Nf3 Bg7 12. Bd3 Nc6 13. 0-0 Nd4 14. Nxd4 Bxd4+ 15. Kh1 c6 16. Rae1 Qc7 17. Ne2 Bg7 18. Ng3 Bd7 19. b4 a6 20. Qf2 0-0-0 21. a4 c5 22. b5 Bd4 23. Qc2 a5 24. Ne2 Bg7 25. Nc1 Rde8 26. Nb3 b6 27. Nd2 Re7 28. f5 Bh6 29. Qc3 Rhe8 30. f6 Re6 31. Nf3 Qd8 32. e5 dxe5 33. Nxe5 Rxf6 34. Nxf7 Rxf1+ 35. Rxf1 Qh4 36. Nd6+ Kd8 37. Nxe8 Bxe8 38. Qf6+ Qxf6 39. Rxf6 Kc7 40. Re6 Kd8 41. Rxb6 Bg5 42. Be4 Kc7 43. Rb7+ 1-0

[Event "Wuerttemberg-ch Seniors 15th"]
[Site "Ellwangen"]
[Date "2003.04.11"]
[Round "1"]
[White "Weschke, Wolfgang"]
[Black "Landgraf, Siegfried"]
[Result "0-1"]
[WhiteElo "1722"]
[BlackElo "2082"]
[PlyCount "68"]
[EventDate "2003.04.??"]
[EventType "swiss"]
[EventRounds "9"]
[EventCountry "GER"]
[SourceTitle "EXT 2006"]
[Source "ChessBase"]
[SourceDate "2005.11.24"]
[SourceVersion "1"]
[SourceVersionDate "2005.11.24"]
[SourceQuality "1"]

1. Nf3 g6 2. c4 Bg7 3. e3 d6 4. Nc3 e5 5. d3 Nc6 6. Be2 f5 7. a3 Nf6 8. Qc2 0-0 9. 0-0 a5 10. Rd1 Ne7 11. Rb1 h6 12. e4 f4 13. d4 Ng4 14. dxe5 Nxe5 15. Nxe5 Bxe5 16. c5 Be6 17. b4 Nc6 18. Nb5 Rc8 19. bxa5 Qe7 20. cxd6 cxd6 21. Qd2 Rfd8 22. Nc3 Nd4 23. Nd5 Bxd5 24. exd5 Rc2 25. Qd3 Nxe2+ 26. Kf1 Rxc1 27. Qxe2 Rc5 28. Qe4 Kg7 29. Qb4 Rd7 30. Qb6 Qh4 31. Rb3 Qh5 32. Rbd3 Rdc7 33. h3 Rc1 34. Qb3 Qf5 0-1

[Event "Bayern-ch Seniors 14th"]
[Site "Schloss Schney"]
[Date "2002.06.06"]
[Round "7"]
[White "Claus, Joachim"]
[Black "Weschke, Wolfgang"]
[Result "1/2-1/2"]
[WhiteElo "1796"]
[BlackElo "1715"]
[PlyCount "59"]
[EventDate "2002.05.31"]
[EventType "swiss"]
[EventRounds "9"]
[EventCountry "GER"]
[SourceTitle "EXT 2003"]
[Source "ChessBase"]
[SourceDate "2002.11.25"]
[SourceVersion "1"]
[SourceVersionDate "2002.11.25"]
[SourceQuality "1"]

1. e4 c5 2. d4 cxd4 3. c3 d3 4. c4 b6 5. Nc3 Bb7 6. Bxd3 e6 7. Nge2 Nc6 8. 0-0 Be7 9. Bf4 d6 10. Qd2 Nf6 11. Rad1 Nd7 12. Bb1 Nde5 13. b3 Qd7 14. Nb5 Rd8 15. Bxe5 dxe5 16. Qc2 Qc8 17. Rxd8+ Qxd8 18. Rd1 Qc8 19. Nd6+ Bxd6 20. Rxd6 Ke7 21. Rd2 Rd8 22. Rxd8 Qxd8 23. Qd3 Qxd3 24. Bxd3 Kd6 25. f3 Kc5 26. a3 a5 27. Kf2 Nd4 28. Nc1 Bc6 29. Ke3 b5 30. cxb5 1/2-1/2

[Event "Bayern-ch Seniors 14th"]
[Site "Schloss Schney"]
[Date "2002.06.05"]
[Round "5"]
[White "Weschke, Wolfgang"]
[Black "Brett, Digby"]
[Result "0-1"]
[WhiteElo "1715"]
[BlackElo "1507"]
[PlyCount "94"]
[EventDate "2002.05.31"]
[EventType "swiss"]
[EventRounds "9"]
[EventCountry "GER"]
[SourceTitle "EXT 2003"]
[Source "ChessBase"]
[SourceDate "2002.11.25"]
[SourceVersion "1"]
[SourceVersionDate "2002.11.25"]
[SourceQuality "1"]

1. d4 Nf6 2. c4 g6 3. Nc3 Bg7 4. e4 d6 5. h3 0-0 6. Be3 e5 7. dxe5 dxe5 8. Qc2 c6 9. Rd1 Qc7 10. Be2 Be6 11. Nf3 h6 12. 0-0 Nbd7 13. Qc1 Kh7 14. b3 b6 15. Bd3 Rad8 16. Bb1 Rfe8 17. Rd2 Nf8 18. Rfd1 Rxd2 19. Rxd2 Re7 20. c5 b5 21. b4 Bd7 22. Qd1 Ne6 23. a4 a6 24. axb5 axb5 25. Ra2 Ne8 26. Bc2 Bc8 27. Bb3 Rd7 28. Qb1 Nd4 29. Bd1 Qd8 30. Ne1 h5 31. Rd2 Nc7 32. Bxd4 exd4 33. Ne2 Ne6 34. Rd3 Qh4 35. Ng3 Ng5 36. Nf3 Nxf3+ 37. Bxf3 Re7 38. e5 Bxe5 39. Bxc6 Bxg3 40. Rxg3 Qf6 41. Bxb5 Bf5 42. Qd1 Be4 43. Ra3 Qg5 44. Qf1 Bf5 45. Bd3 Qd2 46. Bxf5 Re1 47. Bd3 Rxf1+ 0-1

[Event "Bayern-ch Seniors 14th"]
[Site "Schloss Schney"]
[Date "2002.06.05"]
[Round "6"]
[White "Weschke, Wolfgang"]
[Black "Knauer, Guenter"]
[Result "1-0"]
[WhiteElo "1715"]
[BlackElo "1549"]
[PlyCount "69"]
[EventDate "2002.05.31"]
[EventType "swiss"]
[EventRounds "9"]
[EventCountry "GER"]
[SourceTitle "EXT 2003"]
[Source "ChessBase"]
[SourceDate "2002.11.25"]
[SourceVersion "1"]
[SourceVersionDate "2002.11.25"]
[SourceQuality "1"]

1. d4 d5 2. c4 c6 3. cxd5 cxd5 4. Nc3 e6 5. Nf3 Nc6 6. a3 Be7 7. Bf4 Bf6 8. e3 a6 9. Bd3 Nge7 10. Rc1 Ng6 11. Bg3 0-0 12. 0-0 Bh4 13. Bxg6 Bxg3 14. Bxh7+ Kxh7 15. hxg3 f5 16. Nh2 Rf6 17. f4 Rh6 18. Nf3 b5 19. b4 Ra7 20. Kf2 g6 21. Rh1 Qf8 22. Rxh6+ Qxh6 23. Nxd5 Bb7 24. Ng5+ Kg8 25. Nxe6 g5 26. Nxg5 Ra8 27. Qb3 Kg7 28. Nc7 Nd8 29. Nxa8 Bxa8 30. Rc8 Kg6 31. Rxd8 Kh5 32. Qd1+ Bf3 33. Qxf3+ Kg6 34. Rd6+ Kg7 35. Qb7+ 1-0

[Event "Bayern-ch Seniors 14th"]
[Site "Schloss Schney"]
[Date "2002.06.01"]
[Round "2"]
[White "Weschke, Wolfgang"]
[Black "Grueneschild, Hildegard"]
[Result "1-0"]
[WhiteElo "1715"]
[BlackElo "1536"]
[PlyCount "73"]
[EventDate "2002.05.31"]
[EventType "swiss"]
[EventRounds "9"]
[EventCountry "GER"]
[SourceTitle "EXT 2003"]
[Source "ChessBase"]
[SourceDate "2002.11.25"]
[SourceVersion "1"]
[SourceVersionDate "2002.11.25"]
[SourceQuality "1"]

1. d4 d6 2. e4 Nf6 3. Nc3 c6 4. Bf4 Qa5 5. Bd3 e5 6. dxe5 dxe5 7. Bd2 Qc7 8. h3 Bc5 9. Nf3 0-0 10. 0-0 h6 11. Qe2 Be6 12. a3 Nbd7 13. Rac1 Rad8 14. Na4 Bd6 15. c4 Nc5 16. Nxc5 Bxc5 17. b4 Bd4 18. Nxd4 exd4 19. e5 Nh7 20. Qe4 f5 21. exf6 Nxf6 22. Qxe6+ Kh8 23. Qe2 Rde8 24. Qd1 Qf7 25. Qc2 Re7 26. Bg6 Qe6 27. Rce1 Qd7 28. Rxe7 Qxe7 29. Re1 Qd6 30. f4 b6 31. f5 Qg3 32. Qc1 Rd8 33. Re6 Qd3 34. Bxh6 Kg8 35. Bg5 Rf8 36. Bxf6 gxf6 37. Qh6 1-0

[Event "Mecklenburg VP-ch Seniors 01st"]
[Site "Plau am See"]
[Date "2001.10.06"]
[Round "2"]
[White "Sielaff, Rudolf"]
[Black "Weschke, Wolfgang"]
[Result "1-0"]
[WhiteElo "1986"]
[BlackElo "1793"]
[PlyCount "77"]
[EventDate "2001.10.??"]
[EventType "swiss"]
[EventRounds "9"]
[EventCountry "GER"]
[SourceTitle "EXT 2006"]
[Source "ChessBase"]
[SourceDate "2005.11.24"]
[SourceVersion "1"]
[SourceVersionDate "2005.11.24"]
[SourceQuality "1"]

1. d4 Nf6 2. Nf3 e6 3. Bf4 c5 4. e3 Qb6 5. Qc1 d5 6. c3 Bd6 7. Bxd6 Qxd6 8. Bd3 Nc6 9. Bb5 Bd7 10. Nbd2 Rc8 11. 0-0 0-0 12. Qd1 Nxd4 13. Nxd4 cxd4 14. Bxd7 Qxd7 15. exd4 Qd6 16. Qe2 Rfe8 17. f4 Qb6 18. Rab1 Nd7 19. Nf3 Nf6 20. Kh1 Ne4 21. Ng5 Nxg5 22. fxg5 Re7 23. Rbe1 Rce8 24. Qd2 Qd6 25. Re5 Qa6 26. Ra1 Rf8 27. Qe2 Qxe2 28. Rxe2 f6 29. gxf6 gxf6 30. Rf1 f5 31. Re5 Kg7 32. Rfe1 Rff7 33. Rxe6 Kf8 34. g3 Rd7 35. Rf1 Kg7 36. Kg2 Rf6 37. Rxf6 Kxf6 38. Re1 Kg5 39. Kf3 1-0

[Event "Wuerttemberg-ch Seniors 13th"]
[Site "Ellwangen"]
[Date "2001.??.??"]
[Round "4"]
[White "Herzel, Alois"]
[Black "Weschke, Wolfgang"]
[Result "0-1"]
[WhiteElo "1820"]
[BlackElo "1799"]
[PlyCount "70"]
[EventDate "2001.04.??"]
[EventType "swiss"]
[EventRounds "9"]
[EventCountry "GER"]
[SourceTitle "EXT 2006"]
[Source "ChessBase"]
[SourceDate "2005.11.24"]
[SourceVersion "1"]
[SourceVersionDate "2005.11.24"]
[SourceQuality "1"]

1. d4 Nf6 2. c4 e6 3. Nc3 Bb4 4. a3 Bxc3+ 5. bxc3 c5 6. f3 cxd4 7. cxd4 d5 8. e3 0-0 9. Bd3 Nc6 10. cxd5 Qxd5 11. Ne2 Rd8 12. e4 Qa5+ 13. Bd2 Qc7 14. Bc3 h6 15. 0-0 a6 16. Qd2 Qe7 17. Qe3 b5 18. g4 Qa7 19. Kf2 e5 20. d5 Qd7 21. Bc2 Ne7 22. Bxe5 Nh7 23. Bb3 Ng6 24. Bg3 Qe7 25. Rfc1 Ng5 26. Kg2 Bb7 27. h4 Nh7 28. Rc7 Rd7 29. Rac1 Rad8 30. h5 Ngf8 31. d6 Qe8 32. Qb6 Bxe4 33. fxe4 Qxe4+ 34. Kf2 Ng5 35. Qe3 Nh3+ 0-1

[Event "Wuerttemberg-ch Seniors 13th"]
[Site "Ellwangen"]
[Date "2001.??.??"]
[Round "3"]
[White "Weschke, Wolfgang"]
[Black "Lainburg, Victor"]
[Result "0-1"]
[WhiteElo "1799"]
[BlackElo "2217"]
[PlyCount "100"]
[EventDate "2001.04.??"]
[EventType "swiss"]
[EventRounds "9"]
[EventCountry "GER"]
[SourceTitle "EXT 2006"]
[Source "ChessBase"]
[SourceDate "2005.11.24"]
[SourceVersion "1"]
[SourceVersionDate "2005.11.24"]
[SourceQuality "1"]

1. d4 d5 2. c4 Nc6 3. Bf4 e5 4. dxe5 Bb4+ 5. Nd2 dxc4 6. e3 c3 7. bxc3 Bxc3 8. Rc1 Bxe5 9. Rxc6 Bxf4 10. Rc4 Bd6 11. Qb1 Nf6 12. Ngf3 h6 13. Bd3 Be6 14. Rc3 Nd5 15. Rc1 Ba3 16. Rd1 Nc3 17. Qc2 Bb4 18. a3 Ba5 19. Ra1 c5 20. 0-0 0-0 21. Bc4 Bxc4 22. Nxc4 b5 23. Nxa5 Qxa5 24. Rfc1 Na4 25. Ne5 Rac8 26. Qe2 Rfe8 27. Nd3 Rcd8 28. Nf4 Rd6 29. Qg4 Red8 30. h3 Qc7 31. e4 Qd7 32. Qg3 Qe7 33. Re1 Qg5 34. Qf3 Qe5 35. g3 c4 36. Nd5 Nc5 37. Rad1 Nd3 38. Re3 f5 39. Nf4 Nxf4 40. Rxd6 Nxh3+ 41. Kh2 Qxd6 42. Kxh3 fxe4 43. Qxe4 Qd5 44. Qb1 Rf8 45. Qe1 Rf5 46. Re4 Rxf2 47. Re5 Qd7+ 48. g4 Rf3+ 49. Kh4 g5+ 50. Kh5 Rh3+ 0-1

[Event "Wuerttemberg-ch Seniors 13th"]
[Site "Ellwangen"]
[Date "2001.??.??"]
[Round "5"]
[White "Weschke, Wolfgang"]
[Black "Pietruske, Siegfried"]
[Result "1/2-1/2"]
[WhiteElo "1799"]
[BlackElo "1944"]
[PlyCount "67"]
[EventDate "2001.04.??"]
[EventType "swiss"]
[EventRounds "9"]
[EventCountry "GER"]
[SourceTitle "EXT 2006"]
[Source "ChessBase"]
[SourceDate "2005.11.24"]
[SourceVersion "1"]
[SourceVersionDate "2005.11.24"]
[SourceQuality "1"]

1. d4 e6 2. c4 f5 3. g3 Nf6 4. Bg2 d5 5. Nf3 c6 6. cxd5 exd5 7. 0-0 Bd6 8. Nc3 0-0 9. Qc2 Qe7 10. a3 Ne4 11. Re1 Nd7 12. b4 Ndf6 13. Bb2 Nxc3 14. Bxc3 Ne4 15. Bb2 f4 16. gxf4 Rxf4 17. Bc1 Rf6 18. Be3 Rg6 19. Kh1 Bd7 20. Qb2 Rf8 21. Ne5 Nxf2+ 22. Bxf2 Bxe5 23. dxe5 Rxf2 24. Rg1 Qg5 25. Bxd5+ cxd5 26. Rxg5 Rxg5 27. Qd4 Rgg2 28. Qxd5+ Kf8 29. Qxg2 Bc6 30. Qxc6 bxc6 31. Rc1 Rxe2 32. Rxc6 Rxe5 33. Ra6 Re7 34. b5 1/2-1/2

[Event "Bayern-ch Seniors 11th"]
[Site "Schloss Schney"]
[Date "1999.??.??"]
[Round "4"]
[White "Weschke, Wolfgang"]
[Black "Reer, Erdmann"]
[Result "0-1"]
[WhiteElo "1800"]
[BlackElo "2085"]
[PlyCount "52"]
[EventDate "1999.11.??"]
[EventType "swiss"]
[EventRounds "9"]
[EventCountry "GER"]
[SourceTitle "EXT 2002"]
[Source "ChessBase"]
[SourceDate "2001.11.25"]
[SourceVersion "1"]
[SourceVersionDate "2001.11.25"]
[SourceQuality "1"]

1. d4 d5 2. c4 c6 3. cxd5 cxd5 4. Nc3 Nf6 5. Bf4 Nc6 6. e3 Bd7 7. Nf3 e6 8. a3 Be7 9. Bd3 0-0 10. 0-0 Rc8 11. Qe2 a6 12. Rac1 Ne8 13. h3 f5 14. Nd2 Bd6 15. Bxd6 Nxd6 16. Nf3 Qe7 17. Ne5 Nxe5 18. dxe5 Ne4 19. Bxe4 fxe4 20. Qg4 Rf5 21. Qg3 Rcf8 22. Ne2 Rg5 23. Qh2 Bb5 24. Rfe1 Qf7 25. g4 Bxe2 26. Rxe2 h5 0-1